Polymeric Drugs and Drug Delivery Systems /

Gespeichert in:
Bibliographische Detailangaben
Hauptverfasser: Dunn, Richard L (Verfasst von), Ottenbrite, Raphael M (Verfasst von)
Format: Buch
Sprache:Englisch
Veröffentlicht: Washington : American Chemical Society, 1991
Schriftenreihe:ACS Symposium Series 469
Tags: Tag hinzufügen
Keine Tags, Fügen Sie das erste Tag hinzu!

MARC

LEADER 00000nam a22000003a 4500
001 stu21145
005 20150617225753.9
008 950330s1991----xxu-----------------eng-d
020 |a 0-8412-2105-7 
040 |a STU  |b slo 
041 0 |a eng 
044 |a xxu 
080 |a 678.01(061.3)  |7 stu_us_auth*stu5706 
100 1 |a Dunn, Richard L  |4 aut 
245 1 |a Polymeric Drugs and Drug Delivery Systems /  |c [aut.]Dunn,Richard L., Ottenbrite,Raphael M 
260 |a Washington :  |b American Chemical Society,  |c 1991 
300 |a 313 s :  |b Obr.,tab.,grafy,lit.,index 
700 1 |a Ottenbrite, Raphael M  |4 aut 
830 0 |a ACS Symposium Series  |g 823  |v 469 
996 |b C91312  |c C*91312  |l CCVIIIB  |s P  |a 0  |w stu21145_0001